000
00381nam a2200133Ia 4500
008
151001s9999||||xx |||||||||||||| ||und||
100
_a
महावीरप्रसाद द्विवेदी
245
_a
जल से बनो निरोगी
250
_a
1
260
_b
शब्दभारती
260
_c
2008
300
_a
24
365
_b
28
999
_c
990626
_d
990623